Subscription Names Quiz - Statistics

General Stats
  • This quiz has been taken 7 times
  • The average score is 5 of 10
Answer Stats
Hint Answer % Correct
HBO Max
100%
Amazon Prime
83%
Costco Membership
67%
Pandora Plus
67%
JetPunk Premium
67%
Xbox Gamepass
50%
Apple One
33%
Microsoft 365
17%
Target Circle 360
17%
Sephora Rouge
17%
No matching quizzes found
Score Distribution
Percent of People with Each Score
Percentile by Number Answered
Your Score History
You have not taken this quiz